000
00281nam a22001337a 4500
003
SGT
020
_a
9789881973801
082
_a
747
_b
JIN
100
_a
JINLING QU
245
_a
JAPANESE STOREFRONT DESIGN
260
_a
CHINA
_b
DMP PUB
_c
2011
300
_a
240
942
_2
ddc
_c
BK
999
_c
34773
_d
34773